000 00751nam a22002057a 4500
005 20240530110404.0
008 150128s2012 ua fk g 000 0 ara d
040 _aEG-CaGPL
041 0 _aara
082 0 4 _221
_a026\
_bن أ
100 0 _aنهال فؤاد اسماعيل
245 1 2 _aالاتجاهات الحديثة فى تكنولوجيا المكتبات و المعلومات /
_cنهال فؤاد اسماعيل
260 _aالاسكندرية :
_bدار المعرفة الجامعية ،
_c2012
300 _a217 ص :
_bايض ؛
_c24 سم
650 0 4 _aالمكتبات الرقمية
650 0 4 _aنظم المعلومات
650 0 4 _aتحليل النظم
942 _2ddc
_cBK
999 _c60317
_d60317